Normal view
MARC view
Entry Personal Name
001 - CONTROL NUMBER
- control field: 81101
003 - CONTROL NUMBER IDENTIFIER
- control field: dpl
005 - DATE AND TIME OF LATEST TRANSACTION
- control field: 20250508114158.0
008 - FIXED-LENGTH DATA ELEMENTS
- fixed length control field: 250508|| aca||aabn | a|a d
040 ## - CATALOGING SOURCE
- Original cataloging agency: dpl
- Transcribing agency: dpl
100 ## - HEADING--PERSONAL NAME
- Personal name: Devath, Suresh
670 ## - SOURCE DATA FOUND
- Source citation: Work cat.: (dpl)211210: Devath, Suresh, The Original Telangana Ideologue Prof. Kothapalli Jayashankar/, 2022
